Welcome to WEB OPAC of MRSPTU Central Library

Time saver standards for Architecture (Record no. 811)

MARC details
000 -LEADER
fixed length control field 00380nam a2200145Ia 4500
008 - FIXED-LENGTH DATA ELEMENTS--GENERAL INFORMATION
fixed length control field 230711s9999||||xx |||||||||||||| ||und||
041 ## - LANGUAGE CODE
Language code of text/sound track or separate title ENG
082 ## - DEWEY DECIMAL CLASSIFICATION NUMBER
Classification number 720
Item number CA-T
100 ## - MAIN ENTRY--PERSONAL NAME
Personal name Callender,John Han
245 #0 - TITLE STATEMENT
Title Time saver standards for Architecture
250 ## - EDITION STATEMENT
Edition statement 1st . Ed.
260 ## - PUBLICATION, DISTRIBUTION, ETC.
Date of publication, distribution, etc. 1983
Place of publication, distribution, etc. New York
Name of publisher, distributor, etc. Tata McGraw Hill Education Limited
650 ## - SUBJECT ADDED ENTRY--TOPICAL TERM
Topical term or geographic name entry element Architecture
942 ## - ADDED ENTRY ELEMENTS (KOHA)
Koha item type Book
Holdings
Withdrawn status Lost status Damaged status Not for loan Collection Home library Current library Date acquired Total checkouts Full call number Barcode Date last seen Date last checked out Price effective from Koha item type Date due
          MRSPTU Central Library MRSPTU Central Library   4 720 CA-T 3835 08/18/2025 08/18/2025 08/17/2023 Book  
          MRSPTU Central Library MRSPTU Central Library   1 720 CA-T 3836 09/27/2023 09/27/2023 08/17/2023 Book 09/27/2023
          MRSPTU Central Library MRSPTU Central Library   3 720 CA-T 3837 02/21/2025 01/31/2025 08/17/2023 Book  
          MRSPTU Central Library MRSPTU Central Library   1 720 CA-T 3847 03/27/2025 03/25/2025 08/17/2023 Book  
          MRSPTU Central Library MRSPTU Central Library   1 720 CA-T 5102 03/18/2025 02/21/2025 08/17/2023 Book  

Website Designed and Developed by MRSPTU Central Library Team

E-mail Id: librarian@mrsptu.ac.in